000 00803nas a2200289 4500
001 BR0300091
003 BR-BrBNA
005 20231205103455.0
007 ta
008 230509b bl.|||p| |||| 00| 00por d
040 _aBR-BrBNA
_bpor
_cBiblioteca Nacional de Agricultura
041 _a(Pt)
072 _aL70
100 1 _aTeixeira, M.W.
100 1 _aVidal, I.M.
245 1 _aEmergências anestésicas em pequenos animais
650 _aCÃO
650 _aGATO
650 _aANESTESIA
650 _aRESPIRAÇÃO
650 _aAPARELHO CIRCULATÓRIO
650 _aMEDICAMENTO
650 _aVETERINÁRIA
773 0 _tRevista CFMV (Brazil)
_xISSN 1517-6959
_g(Jan-Apr 2002), v. 8(25)(Suplemento) p. 42-50
_wBR0300091
909 _a202311
_bLúcia
_c55
_dLúcia Elande
942 _2AGRIS
_n0
_cANA
999 _c173064
_d173064